[Event "4NCL Division 4 South"]
[Site "Daventry, ENG"]
[Date "2019.05.06"]
[Round "11.66"]
[White "Arora, Tashika"]
[Black "Woolgar, Steven G"]
[Result "1/2-1/2"]
[WhiteElo "1437"]
[BlackElo "1652"]
[PlyCount "105"]
[EventDate "2019.05.06"]
[WhiteTeam "Check Innmates 2"]
[BlackTeam "Throw in the Tal"]

1. d4 Nf6 2. Nf3 d5 3. Bf4 g6 4. e3 Bg7 5. Be2 Bg4 6. O-O Nbd7 7. c4 O-O 8. Nc3
c6 9. Ne5 Bxe2 10. Qxe2 dxc4 11. Qxc4 Nb6 12. Qe2 Nh5 13. Bg3 Nxg3 14. hxg3 Rc8
15. Rfd1 e6 16. Rac1 Qe7 17. Nf3 Rfd8 18. Ne4 Nd7 19. Nc5 Nxc5 20. Rxc5 Rd5 21.
Rdc1 Rcd8 22. Qc2 e5 23. dxe5 Bxe5 24. Rxd5 Rxd5 25. e4 Rb5 26. b3 a5 27. Qd2
Bg7 28. Rc4 Rb4 29. Rxb4 axb4 30. Qd3 Bc3 31. Kf1 Qf6 32. Qd7 b5 33. Qe8+ Kg7
34. e5 Qe6 35. Qxe6 fxe6 36. Ng5 Bxe5 37. Nxe6+ Kf6 38. Nd8 c5 39. Nc6 Ke6 40.
Nxe5 Kxe5 41. Ke2 g5 42. Ke3 h5 43. f4+ gxf4+ 44. gxf4+ Kf5 45. g3 c4 46. bxc4
bxc4 47. Kd4 c3 48. Kd3 h4 49. gxh4 Kxf4 50. a4 bxa3 51. Kxc3 Kg4 52. Kb3 Kxh4
53. Kxa3 1/2-1/2

[Event "4NCL Division 4 South"]
[Site "Daventry, ENG"]
[Date "2019.05.06"]
[Round "11.71"]
[White "Trivedi, Aarnavh"]
[Black "Sheikh, Nasarullah"]
[Result "1/2-1/2"]
[WhiteElo "1862"]
[BlackElo "1740"]
[PlyCount "94"]
[EventDate "2019.05.06"]
[WhiteTeam "Poisoned Pawns - Next Generation"]
[BlackTeam "Rook & Roll"]

1. d4 Nf6 2. Bg5 e6 3. e3 c5 4. Bxf6 Qxf6 5. Nf3 b6 6. c3 Bb7 7. Nbd2 Be7 8. h3
g6 9. Be2 O-O 10. O-O d6 11. a4 e5 12. Nc4 e4 13. Nfd2 d5 14. Ne5 Qh4 15. f4
Qg3 16. Rf2 Bh4 $11 17. Ng4 h5 18. Nf1 hxg4 19. Nxg3 Bxg3 20. Rf1 gxh3 21. gxh3
Nd7 22. Bg4 f5 23. Be2 Kf7 24. Bb5 Nf6 25. dxc5 bxc5 26. a5 a6 27. Ba4 Rab8 28.
Rb1 Rfd8 29. Qc2 Rd6 30. b4 c4 31. b5 Rbd8 32. Rfd1 Bh4 33. bxa6 Bxa6 34. Rb6
Rxb6 35. axb6 Rb8 36. Rb1 g5 37. Bc6 gxf4 38. exf4 Rg8+ 39. Kh1 Rg3 40. Kh2 Rf3
41. Qa4 Bg3+ 42. Kg2 Bxf4 43. Rf1 Rg3+ 44. Kf2 Rxh3 45. Kg2 Rg3+ 46. Kh1 Rh3+
47. Kg1 Rg3+ 1/2-1/2

[Event "4NCL Division 4 South"]
[Site "Daventry, ENG"]
[Date "2019.05.06"]
[Round "11.72"]
[White "Sheikh, Anum"]
[Black "Tombolis, Christopher"]
[Result "1/2-1/2"]
[WhiteElo "1651"]
[BlackElo "1883"]
[PlyCount "127"]
[EventDate "2019.05.06"]
[WhiteTeam "Rook & Roll"]
[BlackTeam "Poisoned Pawns - Next Generation"]

1. e4 c5 2. Nf3 Nc6 3. d4 cxd4 4. Nxd4 g6 5. Nc3 Bg7 6. Nb3 Nf6 7. Be2 O-O 8.
O-O d6 9. Bg5 a5 10. a4 Be6 11. Kh1 Bxb3 12. cxb3 Nd7 13. Bc4 Nc5 14. f3 Ne5
15. Nd5 Re8 16. Qe2 Nxc4 17. bxc4 Nb3 18. Rad1 Rc8 19. Qe3 Nc5 20. b3 Ne6 21.
Bh6 Rc6 22. Bxg7 Kxg7 23. f4 Nc7 24. f5 Nxd5 25. exd5 Rc7 26. fxg6 hxg6 27. Qe4
f6 28. Qg4 Qd7 29. Qd4 Rcc8 30. Rf3 Rh8 31. Re1 Rh5 32. Rfe3 Re5 33. Qd3 Re8
34. Qc3 b6 35. Qd4 Qc7 36. Re4 Qc5 37. Qb2 Qb4 38. R1e2 Rh8 39. g3 Rhh5 40. Kg2
Rxe4 41. Rxe4 Re5 42. Kf3 Rxe4 43. Kxe4 Qe1+ 44. Kf3 Qf1+ 45. Ke3 g5 46. Qd2
Qb1 47. Qd3 Qb2 48. Kf3 Qxh2 49. Qe3 Qh1+ 50. Kg4 Kg6 51. Qd3+ Kh6 52. Qe3 Qf1
53. Qe4 Qf2 54. Qe6 Qd4+ 55. Kh3 Qe5 56. Qg8 Qf5+ 57. Kg2 Qc2+ 58. Kh3 Qxb3 59.
Qh8+ Kg6 60. Qg8+ Kf5 61. Qe6+ Kg6 62. Qg8+ Kh6 63. Qh8+ Kg6 64. Qg8+ 1/2-1/2

[Event "4NCL Division 4 South"]
[Site "Daventry, ENG"]
[Date "2019.05.06"]
[Round "11.73"]
[White "Dharmasena, Gavith"]
[Black "Ball, Matthew P"]
[Result "0-1"]
[WhiteElo "1855"]
[BlackElo "1607"]
[PlyCount "84"]
[EventDate "2019.05.06"]
[WhiteTeam "Poisoned Pawns - Next Generation"]
[BlackTeam "Rook & Roll"]

1. e4 d6 2. d4 Nf6 3. Nc3 Nbd7 4. Nf3 e5 5. dxe5 dxe5 6. Bb5 c6 7. Bc4 h6 8.
Be3 Be7 9. h3 Qc7 10. O-O b5 11. Bd3 O-O 12. Nh4 Nc5 13. Nf5 Bxf5 14. exf5 Rad8
15. Bxc5 Bxc5 16. Qf3 Be7 17. Rfe1 Rfe8 18. Qe3 Bb4 19. a4 bxa4 20. Rxa4 a5 21.
Rd1 Nd5 22. Nxd5 Rxd5 23. c3 Bc5 24. Qe4 Red8 25. f6 g6 26. Kh2 Rxd3 27. Rxd3
Rxd3 28. Qxd3 e4+ 29. Qg3 Bd6 30. Rxe4 Bxg3+ 31. fxg3 Qd8 32. Re7 g5 33. Ra7
Qb6 34. Ra8+ Kh7 35. Rc8 Qb7 36. Rf8 Kg6 37. Rg8+ Kxf6 38. Rd8 Qxb2 39. Rd6+
Kg7 40. Rxc6 a4 41. h4 gxh4 42. gxh4 a3 0-1

[Event "4NCL Division 4 South"]
[Site "Daventry, ENG"]
[Date "2019.05.06"]
[Round "11.74"]
[White "Kilcline, Jenny"]
[Black "Weersing, Abigail Riis"]
[Result "0-1"]
[WhiteElo "1515"]
[BlackElo "1862"]
[PlyCount "78"]
[EventDate "2019.05.06"]
[WhiteTeam "Rook & Roll"]
[BlackTeam "Poisoned Pawns - Next Generation"]

1. e4 e6 2. d4 d5 3. Nd2 dxe4 4. Nxe4 Nd7 5. Nf3 Ngf6 6. Nxf6+ Nxf6 7. Bd3 Be7
8. c3 O-O 9. O-O b6 10. Re1 Bb7 11. Qc2 h6 12. Bf4 Bd6 13. Ne5 Qe7 14. Qe2 c5
15. dxc5 Bxc5 16. Ng4 Rfd8 17. Bc2 Nd7 18. Rad1 Rac8 19. b4 Bxb4 20. cxb4 Qh4
21. Qd3 Nf8 22. Bg3 Qxg4 23. Qb3 Bd5 24. Qb2 h5 25. f3 Qc4 26. Be4 Bxe4 27.
Rxd8 Rxd8 28. Rxe4 Qd5 29. Re1 Qd2 30. Qa3 b5 31. Qxa7 Qxb4 32. Qf2 Rd2 33. Qa7
Qb2 34. a3 Rxg2+ 35. Kf1 Rd2 36. Be5 Qb3 37. Re3 Qd1+ 38. Re1 Qxf3+ 39. Kg1
Qg2# 0-1

[Event "4NCL Division 4 South"]
[Site "Daventry, ENG"]
[Date "2019.05.06"]
[Round "11.75"]
[White "Dharmasena, Kian"]
[Black "Kilcline, Declan A"]
[Result "1/2-1/2"]
[WhiteElo "1757"]
[BlackElo "1406"]
[PlyCount "50"]
[EventDate "2019.05.06"]
[WhiteTeam "Poisoned Pawns - Next Generation"]
[BlackTeam "Rook & Roll"]

1. e4 e6 2. d4 d5 3. exd5 exd5 4. c4 Nf6 5. Nc3 c6 6. Bf4 Bd6 7. Bxd6 Qxd6 8.
Bd3 Qe6+ 9. Qe2 O-O 10. Qxe6 Bxe6 11. cxd5 Bxd5 12. Nxd5 Nxd5 13. O-O-O Nd7 14.
a3 Nf4 15. Ne2 Nxd3+ 16. Rxd3 Rfe8 17. Ng3 Nf6 18. f3 Rad8 19. Rhd1 Nd5 20. Ne4
f5 21. Nc5 b6 22. Nb3 Re2 23. R3d2 Rde8 24. Rxe2 Rxe2 25. Rd2 Re1+ 1/2-1/2

[Event "4NCL Division 4 South"]
[Site "Daventry, ENG"]
[Date "2019.05.06"]
[Round "11.76"]
[White "Ball, Charlie"]
[Black "Weersing, Nathan"]
[Result "0-1"]
[WhiteElo "1367"]
[BlackElo "1555"]
[PlyCount "146"]
[EventDate "2019.05.06"]
[WhiteTeam "Rook & Roll"]
[BlackTeam "Poisoned Pawns - Next Generation"]

1. d4 d5 2. Bf4 Nf6 3. e3 Bf5 4. c3 e6 5. Bd3 Bg6 6. Nf3 Nbd7 7. Qc2 Bxd3 8.
Qxd3 Be7 9. Nbd2 O-O 10. Ng5 h6 11. Ngf3 c5 12. h3 cxd4 13. exd4 Nh5 14. Be3
Re8 15. g4 Nhf6 16. g5 hxg5 17. Nxg5 Ne4 18. Ngxe4 dxe4 19. Qxe4 Qa5 20. Qg2
Qh5 21. Rg1 g6 22. Qg4 Qxg4 23. hxg4 Kg7 24. g5 Nb6 25. Rh1 Nd5 26. Ne4 Rh8 27.
O-O-O Nxe3 28. fxe3 Rh5 29. Rxh5 gxh5 30. Rh1 Kg6 31. Nf6 Rh8 32. Kd2 Bxf6 33.
gxf6 Kxf6 34. Ke2 Kg5 35. Kf3 h4 36. e4 Rh6 37. e5 f6 38. Ke4 f5+ 39. Kf3 f4
40. c4 Kf5 41. b4 h3 42. Rh2 Rh7 43. a4 Rd7 44. d5 exd5 45. cxd5 Rxd5 46. Rxh3
Rd3+ 47. Kg2 Rxh3 48. Kxh3 Kxe5 49. Kg2 Kd4 50. b5 Kc4 51. Kf3 Kb4 52. Kxf4
Kxa4 53. b6 a6 54. Ke4 Kb5 55. Kd4 Kxb6 56. Kc4 Ka5 57. Kc5 b5 58. Kc6 b4 59.
Kb7 b3 60. Ka8 Kb4 61. Kb7 a5 62. Ka7 a4 63. Ka6 a3 64. Kb6 Kc3 65. Kc5 b2 66.
Kd5 b1=Q 67. Kc5 Qf5+ 68. Kd6 Kd4 69. Kc6 Qc5+ 70. Kb7 Kd5 71. Kb8 Qe7 72. Ka8
Kc6 73. Kb8 Qb7# 0-1

[Event "4NCL Division 4 South"]
[Site "Daventry, ENG"]
[Date "2019.05.06"]
[Round "11.81"]
[White "Dias, Savin"]
[Black "Finn, Daniel"]
[Result "0-1"]
[WhiteElo "1889"]
[BlackElo "1810"]
[PlyCount "98"]
[EventDate "2019.05.06"]
[WhiteTeam "Wood Green Youth"]
[BlackTeam "Sussex Martlets 3"]

1. e4 e5 2. Nf3 Nc6 3. Bc4 Bc5 4. c3 d6 5. O-O Nf6 6. d3 O-O 7. Nbd2 Bb6 8. Bb3
Be6 9. Re1 Re8 10. Nf1 h6 11. Ng3 Qd7 12. h3 Rad8 13. Bxe6 fxe6 14. d4 exd4 15.
cxd4 Kh8 16. b3 e5 17. d5 Nd4 18. Be3 Nxf3+ 19. Qxf3 Rf8 20. Bxb6 axb6 21. Rac1
Rf7 22. Qc3 Rdf8 23. Re2 Nh7 24. Rec2 Qd8 25. Qe3 Ng5 26. h4 Nh7 27. h5 Nf6 28.
f3 Nh7 29. Nf5 Rd7 30. Qf2 Rff7 31. Qh4 Qe8 32. Rc4 Nf6 33. g4 Nh7 34. Kg2 Ng5
35. R4c3 Qa8 36. R1c2 Qa5 37. Qe1 b5 38. Qe3 Qa6 39. b4 Qa4 40. Ra3 Qxc2+ 41.
Kg3 Qb1 42. Ra8+ Kh7 43. Nh4 Qf1 44. Ng6 Rxf3+ 45. Qxf3 Qxf3+ 46. Kh2 Qf2+ 47.
Kh1 Qf1+ 48. Kh2 Nf3+ 49. Kg3 Qg1+ 0-1

[Event "4NCL Division 4 South"]
[Site "Daventry, ENG"]
[Date "2019.05.06"]
[Round "11.82"]
[White "Hedger, Alec"]
[Black "Woodhouse, Stephen V"]
[Result "0-1"]
[WhiteElo "1727"]
[BlackElo "1866"]
[PlyCount "102"]
[EventDate "2019.05.06"]
[WhiteTeam "Sussex Martlets 3"]
[BlackTeam "Wood Green Youth"]

1. e4 e6 2. d4 d5 3. exd5 exd5 4. c4 Bb4+ 5. Nc3 Qe7+ 6. Be3 Nf6 7. h3 O-O 8.
Nf3 Ne4 9. Rc1 Ng3 10. fxg3 Qxe3+ 11. Be2 Bd6 12. Qd2 Bxg3+ 13. Kd1 Qxd2+ 14.
Nxd2 dxc4 15. Bxc4 Nc6 16. d5 Ne5 17. Nb5 Nxc4 18. Rxc4 Bd7 19. Nxc7 Rac8 20.
d6 Bxd6 21. Rd4 Rxc7 22. Rxd6 Bc6 23. Rg1 Rfc8 24. g3 Rd7 25. Rxd7 Bxd7 26. g4
Kf8 27. Re1 Re8 28. Rxe8+ Kxe8 29. Ke2 Ke7 30. Kf3 g5 31. Kg3 f5 32. gxf5 Bxf5
33. Nf3 Kf6 34. h4 gxh4+ 35. Nxh4 Ke5 36. Kf2 Be4 37. Ke3 Bd5 38. a3 Be4 39. b3
Bd5 40. b4 b5 41. Kd3 Be4+ 42. Ke3 a6 43. Kd2 Kd4 44. Nf3+ Bxf3 45. Kc2 h5 46.
a4 h4 47. a5 h3 48. Kb2 h2 49. Kc2 h1=Q 50. Kb2 Bd5 51. Kc2 Qg2+ 0-1

[Event "4NCL Division 4 South"]
[Site "Daventry, ENG"]
[Date "2019.05.06"]
[Round "11.83"]
[White "Hirst, Joe"]
[Black "Bott, Simeon"]
[Result "1/2-1/2"]
[WhiteElo "1638"]
[BlackElo "1757"]
[PlyCount "43"]
[EventDate "2019.05.06"]
[WhiteTeam "Wood Green Youth"]
[BlackTeam "Sussex Martlets 3"]

1. e4 e5 2. Nf3 Nf6 3. Nxe5 d6 4. Nf3 Nxe4 5. d4 d5 6. Bd3 Nc6 7. O-O Be7 8.
Nbd2 f5 9. Ne5 O-O 10. Nxc6 bxc6 11. f3 Nd6 12. Nb3 Bf6 13. c3 Re8 14. Qc2 Bd7
15. Nc5 Qe7 16. Bd2 Qf7 17. Rfe1 g6 18. Rxe8+ Rxe8 19. Re1 Rxe1+ 20. Bxe1 f4
21. Bd2 Bc8 22. Qa4 1/2-1/2

[Event "4NCL Division 4 South"]
[Site "Daventry, ENG"]
[Date "2019.05.06"]
[Round "11.84"]
[White "Hedger, Timothy"]
[Black "Parry, Samuel"]
[Result "0-1"]
[WhiteElo "1742"]
[BlackElo "1560"]
[PlyCount "104"]
[EventDate "2019.05.06"]
[WhiteTeam "Sussex Martlets 3"]
[BlackTeam "Wood Green Youth"]

1. e4 c5 2. Nf3 d6 3. Bb5+ Nc6 4. O-O Bd7 5. c3 Nf6 6. Re1 a6 7. Bxc6 Bxc6 8.
d3 g6 9. Bg5 Bg7 10. Nbd2 O-O 11. d4 b5 12. e5 dxe5 13. Nxe5 Bb7 14. dxc5 Qc7
15. Ndf3 Rad8 16. Qe2 Qxc5 17. Rad1 Ne4 18. Nd7 Qf5 19. Bxe7 Rxd7 20. Bxf8 Rxd1
21. Rxd1 Bxf8 22. Nd4 Qd5 23. f3 Nf6 24. a3 Bc5 25. Qd3 Ng4 26. Re1 Ne5 27. Qe4
Qxe4 28. fxe4 Nd3 29. Re2 Nf4 30. Re1 Ne6 31. Rd1 Bxe4 32. Kf1 Nxd4 33. cxd4
Bd6 34. g3 Kg7 35. Ke2 Kf6 36. Ke3 Bb7 37. Rd2 Ke6 38. Rf2 Bd5 39. Kd3 f5 40.
b4 Bc6 41. Re2+ Be4+ 42. Kc3 Kd5 43. Rf2 Bc7 44. Rf1 Bb6 45. Rd1 Bd8 46. Kd2
Bf6 47. Kc3 Bf3 48. Rd3 Ke4 49. h4 Be2 50. Rd2 Ke3 51. Rc2 Bxd4+ 52. Kb3 Bd1
0-1

[Event "4NCL Division 4 South"]
[Site "Daventry, ENG"]
[Date "2019.05.06"]
[Round "11.85"]
[White "Dias, Ruwan"]
[Black "Woods, Timothy J"]
[Result "1-0"]
[WhiteElo "1465"]
[BlackElo "1682"]
[PlyCount "73"]
[EventDate "2019.05.06"]
[WhiteTeam "Wood Green Youth"]
[BlackTeam "Sussex Martlets 3"]

1. e4 d6 2. d4 Nf6 3. Nc3 g6 4. f3 c6 5. Be3 Nbd7 6. Bc4 b5 7. Bb3 Nb6 8. Qd2
Nc4 9. Bxc4 bxc4 10. O-O-O Qa5 11. e5 Nd5 12. Nxd5 Qxd2+ 13. Rxd2 cxd5 14. exd6
exd6 15. Re2 Be6 16. Bg5 Bg7 17. c3 O-O 18. Be7 Bh6+ 19. Kd1 Rfb8 20. Bxd6 Rb6
21. Bc5 Ra6 22. b3 cxb3 23. axb3 Bf5 24. Ke1 Bd3 25. Re5 Bf4 26. g3 Bxe5 27.
dxe5 Re8 28. Kd2 Bb5 29. f4 Ra1 30. Bd4 Bd7 31. Ke3 Bf5 32. c4 dxc4 33. Bxa1
cxb3 34. Ne2 a5 35. Nd4 Rb8 36. Bb2 Bc2 37. Rc1 1-0

[Event "4NCL Division 4 South"]
[Site "Daventry, ENG"]
[Date "2019.05.06"]
[Round "11.86"]
[White "Finn, Elizabeth"]
[Black "Johal, Amrissa Kaur"]
[Result "1-0"]
[WhiteElo "1600"]
[BlackElo "1360"]
[PlyCount "73"]
[EventDate "2019.05.06"]
[WhiteTeam "Sussex Martlets 3"]
[BlackTeam "Wood Green Youth"]

1. d4 d5 2. c4 e6 3. Nc3 Bb4 4. Nf3 Bxc3+ 5. bxc3 Nf6 6. e3 Bd7 7. Ba3 Nc6 8.
Bd3 Na5 9. cxd5 exd5 10. O-O Ne4 11. Qc2 Nf6 12. Rfe1 Nc4 13. Bxc4 dxc4 14. e4
Bb5 15. e5 Nd5 16. e6 f6 17. g4 c6 18. g5 Nf4 19. Qf5 Ng6 20. h4 Qd5 21. Qxd5
cxd5 22. h5 Nf4 23. h6 Nh3+ 24. Kh2 Nxg5 25. Nxg5 fxg5 26. hxg7 Rg8 27. Bf8
O-O-O 28. e7 Re8 29. Re5 h6 30. Re6 Bd7 31. Rxh6 Bf5 32. Rh8 Be6 33. Re1 Kd7
34. Rxe6 Kxe6 35. Rxg8 Kf7 36. Rh8 Rxe7 37. g8=Q+ 1-0

[Event "4NCL Division 4 South"]
[Site "Daventry, ENG"]
[Date "2019.05.06"]
[Round "11.91"]
[White "Gentry, Alan E"]
[Black "Lambourne, Dan M"]
[Result "0-1"]
[WhiteElo "1739"]
[BlackElo "1976"]
[PlyCount "98"]
[EventDate "2019.05.06"]
[WhiteTeam "Oxford 4"]
[BlackTeam "MK Phoenix 2"]

1. d4 Nf6 2. Nf3 g6 3. c4 Bg7 4. Nc3 d5 5. Bf4 c6 6. Rc1 O-O 7. e3 e6 8. Be2
dxc4 9. Bxc4 Nd5 10. Bg3 Nd7 11. O-O N7b6 12. Bb3 Nxc3 13. bxc3 Qe7 14. c4 Rd8
15. Bh4 Bf6 16. Bxf6 Qxf6 17. e4 Nd7 18. e5 Qe7 19. Qe2 Nb6 20. Rfd1 Bd7 21.
Qe3 Kg7 22. Ng5 h6 23. Ne4 Rh8 24. Nf6 Rac8 25. Rc3 Rhd8 26. Rcd3 Be8 27. Qf4
Nd7 28. Rh3 g5 29. Nh5+ Kf8 30. Qf3 Kg8 31. Bc2 c5 32. Qe4 f5 33. exf6 Qf7 34.
Rf3 cxd4 35. Bd3 Nc5 36. Qg4 Nxd3 37. Rfxd3 Qxh5 38. Qxe6+ Bf7 39. Qe7 Re8 40.
Qxb7 Rxc4 41. Qxa7 Qg6 42. h4 Qxf6 43. hxg5 hxg5 44. Rxd4 Rxd4 45. Qxd4 Re1+
46. Kh2 Qh6+ 47. Kg3 Qh4+ 48. Kf3 Bh5+ 49. g4 Qh3# 0-1

[Event "4NCL Division 4 South"]
[Site "Daventry, ENG"]
[Date "2019.05.06"]
[Round "11.92"]
[White "Elwin, Adrian G"]
[Black "Burcham, Tony"]
[Result "1-0"]
[WhiteElo "1983"]
[BlackElo "1650"]
[PlyCount "47"]
[EventDate "2019.05.06"]
[WhiteTeam "MK Phoenix 2"]
[BlackTeam "Oxford 4"]

1. d4 e6 2. c4 f5 3. e4 fxe4 4. f3 Nf6 5. Bg5 Be7 6. Bxf6 Bxf6 7. fxe4 O-O 8.
Nf3 d6 9. Nc3 Nc6 10. Be2 e5 11. d5 Ne7 12. Qc2 Ng6 13. O-O-O Nf4 14. Rhg1 Bd7
15. Kb1 a5 16. Bf1 Qe8 17. g3 Nh3 18. Bxh3 Bxh3 19. g4 Be7 20. Qd3 Qf7 21. Nd2
Bxg4 22. Rxg4 Qh5 23. Rdg1 g6 24. Qe2 1-0

[Event "4NCL Division 4 South"]
[Site "Daventry, ENG"]
[Date "2019.05.06"]
[Round "11.93"]
[White "Dumitrescu, George-Mihai"]
[Black "Valentine, Brian J"]
[Result "0-1"]
[WhiteElo "1609"]
[BlackElo "1954"]
[PlyCount "94"]
[EventDate "2019.05.06"]
[WhiteTeam "Oxford 4"]
[BlackTeam "MK Phoenix 2"]

1. d4 Nf6 2. Nf3 e6 3. e3 c5 4. c3 b6 5. Bd3 Bb7 6. Nbd2 Be7 7. O-O O-O 8. e4
d6 9. Qc2 g6 10. Nb3 c4 11. Bxc4 Bxe4 12. Qe2 Nbd7 13. Bh6 Re8 14. Ng5 Bd5 15.
Bxd5 Nxd5 16. Nxe6 Bf8 17. Nxd8 Rxe2 18. Bxf8 Kxf8 19. Nc6 Rxb2 20. c4 Nf4 21.
Rfd1 a5 22. Rd2 Rxd2 23. Nxd2 d5 24. g3 $11 Ne2+ 25. Kf1 Nc3 26. cxd5 Nxd5 27.
Nc4 Rc8 28. N4e5 Nxe5 29. Nxe5 b5 30. a3 Rc2 31. Nd7+ Ke7 32. Nc5 Rc4 33. a4
bxa4 34. Rxa4 Rxa4 35. Nxa4 Kd6 36. Ke2 Kc6 37. Kd3 Kb5 38. Nb2 f5 39. h3 Kb4
40. Nc4 a4 41. h4 Nc3 42. Ne3 Ne4 43. Nd1 a3 44. Kc2 Kc4 45. d5 Kxd5 46. g4
fxg4 47. Ne3+ Ke5 0-1

[Event "4NCL Division 4 South"]
[Site "Daventry, ENG"]
[Date "2019.05.06"]
[Round "11.94"]
[White "Obi, Marc On"]
[Black "Rayner, Hugo"]
[Result "1-0"]
[WhiteElo "1827"]
[BlackElo "1600"]
[PlyCount "89"]
[EventDate "2019.05.06"]
[WhiteTeam "MK Phoenix 2"]
[BlackTeam "Oxford 4"]

1. d4 Nf6 2. Bf4 g6 3. Nc3 Bg7 4. e4 d6 5. Qd2 O-O 6. f3 c5 7. dxc5 dxc5 8. Qe3
Qd4 9. Qxd4 cxd4 10. Nb5 Ne8 11. Nxa7 Rxa7 12. Bxb8 Ra8 13. Bg3 e5 14. Bc4 Nd6
15. Bb3 Re8 16. Ne2 Be6 17. Nxd4 Bxb3 18. Nxb3 Rec8 19. Kd1 Nc4 20. Kc1 Ne3 21.
c3 Nxg2 22. a3 Ra6 23. Bf2 Nf4 24. Kc2 Bf8 25. Rad1 b5 26. Kb1 Ne2 27. Rd3 Rd6
28. Rhd1 Rcc6 29. Rxd6 Rxd6 30. Rxd6 Bxd6 31. Kc2 Nf4 32. Bc5 Bc7 33. Nd2 f6
34. c4 bxc4 35. Nxc4 Kf7 36. b4 Ke6 37. b5 Bb8 38. Kc3 Kd7 39. a4 Ne6 40. Be3
Nc7 41. Kb4 Na8 42. Nb6+ Nxb6 43. Bxb6 Bd6+ 44. Bc5 Bb8 45. a5 1-0

[Event "4NCL Division 4 South"]
[Site "Daventry, ENG"]
[Date "2019.05.06"]
[Round "11.95"]
[White "Beckett, Richard"]
[Black "Cox, Toby"]
[Result "1-0"]
[WhiteElo "1639"]
[BlackElo "1825"]
[PlyCount "51"]
[EventDate "2019.05.06"]
[WhiteTeam "Oxford 4"]
[BlackTeam "MK Phoenix 2"]

1. e4 e6 2. d4 d5 3. Nd2 Nf6 4. e5 Nfd7 5. f4 c5 6. c3 Nc6 7. Ndf3 a6 8. Bd3 b5
9. Ne2 b4 10. O-O Qb6 11. Kh1 g6 12. Qe1 a5 13. f5 exf5 14. Nf4 Ne7 15. e6 fxe6
16. Nxe6 c4 17. Bc2 Nf6 18. Nxf8 Rxf8 19. Bh6 Rg8 20. Ne5 Be6 21. Ba4+ Bd7 22.
Nxd7 Nxd7 23. Bg5 Qd6 24. Qh4 Rg7 25. Rae1 bxc3 26. Bxe7 1-0

[Event "4NCL Division 4 South"]
[Site "Daventry, ENG"]
[Date "2019.05.06"]
[Round "11.96"]
[White "Whiteside, Robert"]
[Black "Matilal, Tamal"]
[Result "1-0"]
[WhiteElo "1807"]
[BlackElo "1419"]
[PlyCount "85"]
[EventDate "2019.05.06"]
[WhiteTeam "MK Phoenix 2"]
[BlackTeam "Oxford 4"]

1. e4 c6 2. d4 d5 3. Nc3 dxe4 4. Nxe4 Bf5 5. Ng3 Bg6 6. h4 h6 7. h5 Bh7 8. Nf3
Nf6 9. Bd3 Bxd3 10. Qxd3 Nbd7 11. Bd2 e6 12. c4 Bd6 13. Ne2 O-O 14. O-O-O e5
15. dxe5 Nxe5 16. Nxe5 Bxe5 17. Qf3 Qb6 18. Bc3 Rfe8 19. Nd4 c5 20. Nf5 Qa6 21.
Kb1 Qxc4 22. Rh4 Qe6 23. Re1 Qd5 24. Qxd5 Nxd5 25. Bxe5 f6 26. f4 fxe5 27. fxe5
Rad8 28. Rg4 Rd7 29. Nxh6+ Kh7 30. Nf5 Nb4 31. Rge4 Nd3 32. Rd1 Rf8 33. e6 Rd5
34. g4 Nf2 35. Rxd5 Nxe4 36. e7 Re8 37. Rd8 Nf6 38. g5 Rxe7 39. Nxe7 Nxh5 40.
Rd7 b5 41. Rxa7 c4 42. Rb7 Nf4 43. Rxb5 1-0

[Event "4NCL Division 4 South"]
[Site "Daventry, ENG"]
[Date "2019.05.06"]
[Round "11.101"]
[White "Paterson, Andrew I"]
[Black "Nelson, Omowale"]
[Result "1-0"]
[WhiteElo "2065"]
[BlackElo "2012"]
[PlyCount "109"]
[EventDate "2019.05.06"]
[WhiteTeam "Warwickshire Select 2"]
[BlackTeam "Watford 1"]

1. g3 d5 2. Bg2 Nf6 3. Nf3 Bf5 4. O-O e6 5. c4 c6 6. b3 Bd6 7. d4 h6 8. Nc3 Ne4
9. Bb2 Nd7 10. Nxe4 Bxe4 11. Nd2 Bxg2 12. Kxg2 O-O 13. e4 dxe4 14. Nxe4 Be7 15.
Qd2 f5 16. Nc3 e5 17. dxe5 Nxe5 18. Qe2 Qc7 19. Nd5 cxd5 20. Bxe5 Bd6 21. Bxd6
Qxd6 22. Qf3 dxc4 23. Rfd1 Qc5 24. bxc4 Rf7 25. Rab1 Qxc4 26. Rxb7 Raf8 27.
Rxf7 Rxf7 28. Qa8+ Kh7 29. Qd5 Qxd5+ 30. Rxd5 g5 31. h3 Kg6 32. Ra5 Re7 33.
Ra6+ Kg7 34. Kf3 Kh7 35. Rf6 f4 36. gxf4 gxf4 37. Rxf4 Kg6 38. Ra4 Rf7+ 39. Kg3
Rc7 40. Ra6+ Kh5 41. Ra5+ Kg6 42. f3 Rd7 43. Kg4 Rc7 44. Ra6+ Kg7 45. f4 Rf7
46. f5 Kh7 47. h4 Kg7 48. Rg6+ Kh7 49. h5 Rb7 50. f6 Rb4+ 51. Kf5 Rb5+ 52. Ke6
Rxh5 53. f7 Kxg6 54. f8=Q Rg5 55. Qf7# 1-0

[Event "4NCL Division 4 South"]
[Site "Daventry, ENG"]
[Date "2019.05.06"]
[Round "11.102"]
[White "Karamazondo, Ernest"]
[Black "Cooper, David M"]
[Result "1-0"]
[WhiteElo "1937"]
[BlackElo "2031"]
[PlyCount "53"]
[EventDate "2019.05.06"]
[WhiteTeam "Watford 1"]
[BlackTeam "Warwickshire Select 2"]

1. e4 e6 2. d4 d5 3. e5 c5 4. c3 Nc6 5. Nf3 Bd7 6. a3 f6 7. Bd3 Qc7 8. O-O c4
9. Bc2 O-O-O 10. Bf4 Qb6 11. Bc1 fxe5 12. dxe5 h6 13. Nbd2 Na5 14. Nd4 Bc5 15.
b4 cxb3 16. N4xb3 Ne7 17. Nxa5 Qxa5 18. Nb3 Qc7 19. a4 Rde8 20. Nxc5 Qxc5 21.
Ba3 Qxc3 22. Bg6 Qxe5 23. Bxe8 Rxe8 24. Re1 Qf5 25. Qd4 Nc6 26. Rac1 a6 27. Bd6
1-0

[Event "4NCL Division 4 South"]
[Site "Daventry, ENG"]
[Date "2019.05.06"]
[Round "11.103"]
[White "Turner, Simon"]
[Black "Luberto, Michael"]
[Result "1-0"]
[WhiteElo "1945"]
[BlackElo "1930"]
[PlyCount "65"]
[EventDate "2019.05.06"]
[WhiteTeam "Warwickshire Select 2"]
[BlackTeam "Watford 1"]

1. d4 Nf6 2. c4 g6 3. Nc3 Bg7 4. e4 d6 5. Nf3 O-O 6. h3 Nc6 7. Be3 e5 8. d5 Ne7
9. Qd2 Nxe4 10. Nxe4 f5 11. Nc3 f4 12. Bd3 Nf5 13. Bxf4 exf4 14. O-O Nh4 15.
Qd1 Re8 16. Rb1 Bxc3 17. bxc3 b6 18. Nxh4 Qxh4 19. Qf3 Re5 20. Rfe1 Rg5 21. Kh2
Bd7 22. Rb2 Rf8 23. Bf1 Bg4 24. Qd3 Bf5 25. Qf3 Bg4 26. Qd3 f3 27. g3 Qh6 28.
Qd2 Qxh3+ 29. Bxh3 Rh5 30. Re4 Rxh3+ 31. Kg1 Rxg3+ 32. fxg3 f2+ 33. Qxf2 1-0

[Event "4NCL Division 4 South"]
[Site "Daventry, ENG"]
[Date "2019.05.06"]
[Round "11.104"]
[White "Lancaster, Roger"]
[Black "Cundy, Mark A"]
[Result "1/2-1/2"]
[WhiteElo "1945"]
[BlackElo "1855"]
[PlyCount "45"]
[EventDate "2019.05.06"]
[WhiteTeam "Watford 1"]
[BlackTeam "Warwickshire Select 2"]

1. e4 c5 2. Nc3 Nc6 3. g3 g6 4. Bg2 Bg7 5. d3 d6 6. Be3 e6 7. Qd2 Nge7 8. Nge2
O-O 9. O-O Rb8 10. d4 b6 11. a4 Na5 12. Rfd1 Bb7 13. dxc5 dxc5 14. Qe1 Qe8 15.
Nb5 Nc4 16. Bf4 e5 17. Bg5 f6 18. Qc3 Na5 19. Nd6 Qc6 20. Nxb7 Qxb7 21. Be3
Nec6 22. Rd2 Nd4 23. Bxd4 1/2-1/2

[Event "4NCL Division 4 South"]
[Site "Daventry, ENG"]
[Date "2019.05.06"]
[Round "11.105"]
[White "Sandhu, Manvith"]
[Black "Sloan, Cecil"]
[Result "1/2-1/2"]
[WhiteElo "1742"]
[BlackElo "1772"]
[PlyCount "70"]
[EventDate "2019.05.06"]
[WhiteTeam "Warwickshire Select 2"]
[BlackTeam "Watford 1"]

1. e4 d5 2. exd5 Qxd5 3. Nc3 Qd8 4. d4 Nf6 5. Nf3 Bg4 6. h3 Bxf3 7. Qxf3 c6 8.
Be3 e6 9. Bd3 Bb4 10. a3 Bxc3+ 11. bxc3 Qd5 12. Qg3 Nh5 13. Qg5 Qxg5 14. Bxg5
Nd7 15. Kd2 Nhf6 16. Bxf6 Nxf6 17. Rab1 b6 18. c4 O-O 19. c3 Rac8 20. Rhd1 c5
21. Ke3 Rfe8 22. Rbc1 Kf8 23. Be4 Nxe4 24. Kxe4 Rc7 25. Rc2 Rec8 26. d5 exd5+
27. cxd5 Re8+ 28. Kf3 c4 29. Rdd2 Rc5 30. d6 Rd8 31. Rd4 Rc6 32. Rcd2 Ke8 33.
d7+ Kf8 34. Re2 Rc7 35. Red2 Ke7 1/2-1/2

[Event "4NCL Division 4 South"]
[Site "Daventry, ENG"]
[Date "2019.05.06"]
[Round "11.106"]
[White "Dunlop, Neil J"]
[Black "Shearsby, Jude"]
[Result "1/2-1/2"]
[WhiteElo "1832"]
[BlackElo "1562"]
[PlyCount "64"]
[EventDate "2019.05.06"]
[WhiteTeam "Watford 1"]
[BlackTeam "Warwickshire Select 2"]

1. d4 Nc6 2. c4 e5 3. d5 Nce7 4. Nc3 Nf6 5. e4 Ng6 6. Qc2 Bc5 7. h3 d6 8. Nf3
O-O 9. Be2 a5 10. O-O c6 11. dxc6 bxc6 12. Na4 Ba7 13. Rd1 Qc7 14. Bg5 Ne8 15.
c5 h6 16. Be3 Kh8 17. cxd6 Nxd6 18. Bxa7 Rxa7 19. Rac1 Bb7 20. Qc5 Nc8 21. Nh4
Re8 22. Nxg6+ fxg6 23. Bg4 Ba8 24. Bxc8 Rxc8 25. Nb6 Rd8 26. Rxd8+ Qxd8 27.
Nxa8 Rxa8 28. Qxc6 Kh7 29. Qd5 Qg5 30. Rc5 Re8 31. Rxa5 Qc1+ 32. Kh2 Qf4+
1/2-1/2